000 01002nam a2200277Ia 4500
003 OSt
005 20220918173355.0
006 a|||||r|||| 00| 0
007 ta
008 220917b |||||||| |||| 00| 0 eng d
024 _a6,329
037 _cTextual
040 _aARTS
_cARTS
_beng
041 _2eng
_aeng
082 _a2:51N05p1, N70, L1
100 _aMolgaard-Hansen R.
_945858
110 _aInternational frderation for documentation classification 1970 Research (Commette on 1970)
_945859
245 0 _aProceedings of second seminar on U D C in a mechanized information system
260 _c1972
500 _aFID Publ;ication series, 405, FID/CR Report, 9
650 _aLIBRARY SCIENCE
700 _a Magir Westring-Nielsen
_945860
700 _aInternational frderation for documentation classification 1970 Research (Commette on 1970)
_945861
942 _h2:51N05p1, N70, L1
_cTEXL
_2CC
999 _c148318
_d148318